000
00283nam a22001337a 4500
008
180924b xxu||||| |||| 00| 0 eng d
020
_a
9780679723127
041
_a
eng
080
_a
340
100
_a
15
101
_a
JUR
245
_a
Gideon's trumpet
_c
Lewis,A
942
_2
udc
_c
BK
999
_c
48365
_d
48365